Совершенствование технологии интерпретации и петрофизического обеспечения геофизических исследований нефтегазоразведочных скважин: Сборник статей

Bibliografiske detaljer
Institution som forfatter: Научно-производственное государственное предприятие "Герс"
Sprog:russisk
Udgivet: Тверь, [Б. и.], 1992
Fag:
Format: MixedMaterials Bog
KOHA link:https://koha.lib.tpu.ru/cgi-bin/koha/opac-detail.pl?biblionumber=31726

MARC

LEADER 00000nam0a2200000 4500
001 31726
005 20231030204552.0
010 |a 5717301804 
035 |a (RuTPU)RU\TPU\book\32018 
035 |a BOOK00000089 
090 |a 31726 
100 |a 20011210d1992 k y0rusy50 ca 
101 0 |a rus 
102 |a RU 
105 |a a 000|y 
200 1 |a Совершенствование технологии интерпретации и петрофизического обеспечения геофизических исследований нефтегазоразведочных скважин  |e Сборник статей  |f НПГП "Герс" 
210 |a Тверь  |c [Б. и.]  |d 1992 
215 |a 156 с.  |c ил. 
320 |a Библиогр. в конце статей 
610 1 |a геология 
610 1 |a нефтяные скважины 
610 1 |a газовые скважины 
610 1 |a каротаж 
610 1 |a геофизика 
610 1 |a разведка 
675 |a 553.98:550.832  |v 3 
712 0 2 |a Научно-производственное государственное предприятие "Герс" 
801 0 |a RU  |b 63413507  |c 20011210  |g PSBO 
801 2 |a RU  |b 63413507  |c 20170111  |g PSBO 
942 |c BK